000 00781nam a2200265Ia 4500
003 OSt
005 20220918164833.0
006 a|||||r|||| 00| 0
007 ta
008 220917b |||||||| |||| 00| 0 eng d
020 _a0792364635 (hbk)
024 _a176,039
037 _cTextual
040 _aARTS
_cARTS
_beng
041 _2eng
_aeng
082 _aR44, P0
100 _aLozano Josep M.
_921132
245 0 _aEthics and organizations
_b understanding Business ethics as a learning process
260 _aDordrecht
_bKulwer Academicn Publishers
_c2000
300 _aviii, 192p.
_ccm.
490 _aIssues in business ethics; v 15
650 _aPROFESSIONAL ETHICS
_913764
942 _hR44, P0
_cTEXL
_2CC
999 _c126913
_d126913